zpět

Detail výsledku týmu

The Pub Praha 2 PO, Praha

Datum a čas kvízu

21 Celkem bodů Celkový počet nahraných bodů na tomto kvízu bez doplňovacích otázek.
13. Pořadí na kvízu Konečné umístění týmu na tomto kvízu.

Zaznamenané odpovědi

# Otázka Odpověď Body Výsledky
1. Jaroslav Němec z Bystrého na S... hlemýždi (šneci) 1
2. Tento ruský opoziční politik v... Boris Naděždin 0
3. Minulý týden v sobotu se konal... Ples jako Brno 1
4. Které město jako první v České... Brno 0
5. Který Evropan nasázel minulý t... Luka Dončić 0
6. Nejvíce dvojčat na světě se ro... Nigérie 0
7. Dvojčata si mohou v dětském vě... kryptofázie 0
8. Jako dvojčata byly označovány... WTC 1
9. Jak se jmenuje herec, jehož dv... Kiefer Sutherland 0
10. Na závěr tématu se podíváme na... paterčata 1